El conte de Nadal de l'Auggi Wren / Paul Auster ; [traducció del conte: Albert Nolla] Albert Nolla]
ISBN:
84-9803-169-9
Descripción Física:
58 p. ; 17 cm
Otros Autores:
Nolla, Albert, tr
MARC
| LEADER | 00000nam a2200000Ia 4500 | ||
|---|---|---|---|
| 001 | 18557 | ||
| 008 | 160829s2006 xx 000 0 cat d | ||
| 020 | |a 84-9803-169-9 | ||
| 080 | |a L-2-80 | ||
| 100 | |a Auster, Paul |9 41507 | ||
| 245 | |a El conte de Nadal de l'Auggi Wren / Paul Auster ; [traducció del conte: |b Albert Nolla] | ||
| 260 | |a Barcelona : |b Diputació de Barcelona, |c 2006 | ||
| 300 | |a 58 p. ; |c 17 cm | ||
| 590 | |a L'edició és un obsequi de la Diputació de Barcelona als usuaris de la Xarxa de Biblioteques Municipals | ||
| 700 | |a Nolla, Albert, tr. |9 41508 | ||
| 710 | 1 | |a Barcelona (Catalunya : Província). |b Diputació |9 52408 | |
| 901 | |a Arxiu | ||
| 942 | |n 1 | ||
| 952 | |0 0 |1 0 |4 0 |6 L280 |7 1 |9 50234 |a Arxiu |b Arxiu |d 2016-12-01 |l 0 |o L-2-80 |p 18557 |r 2016-12-01 00:00:00 |w 2016-12-01 |y ARXIU | ||
| 999 | |c 54076 |d 54076 | ||